000 02014nam a2200481 c 4500
001 22258
003 ES-MaCES
005 20160308132651.0
008 090717s2009 sp 000 | spa d
017 _aAB 4-2009
_bDL
020 _a9788496721708
035 _aCES20090006950m
040 _aES-MaCES
_bspa
_cES-MaCES
245 0 0 _aI. la aplicación de la Ley concursal en las relaciones laborales
_b; II. el nuevo régimen del derecho de información, audiencia y consulta de los representantes de los trabajadores ; III. la protección de los datos personales en las relaciones laborales
_c[elaborados por el] Gabinete de estudios Jurídicos CC.OO. ; Francisco J. Gualdad Alcalá
260 _aAlbacete
_bBomarzo
260 _bGabinete de Estudios Jurídicos de CCOO
_c[2009]
300 _a355 p.
_c24 cm
490 1 _aDocumentos de derecho laboral
490 1 _aEstudios de doctrina judicial
_v3
504 _aBibliografía: p. 215
541 _cGratuito
650 4 _aderecho concursal
_931756
650 4 _acontrato de trabajo
_928316
650 4 _aacceso a la información
_929226
650 4 _arepresentante de los trabajadores
_928374
650 4 _aprotección de los datos
_929496
650 4 _aderechos de los trabajadores
_929924
650 4 _aconfidencialidad
_929005
650 4 _avida privada
_929238
650 4 _aderecho del trabajo
_927165
650 4 _aEspaña
_926964
650 4 _adoctrina jurídica
_930888
650 4 _928369
_arelaciones laborales
653 1 0 _aDerecho del trabajo y Seguridad Social
700 1 _aGualda Alcalá, Francisco José
_914180
710 2 _aComisiones Obreras
_bGabinete de Estudios Jurídicos
_92131
787 0 _tEstudios de doctrina judicial II
_w(ES-MaCES)19173
830 0 _aDocumentos de derecho laboral
_934222
830 0 _aEstudios de doctrina judicial (Comisiones Obreras. Gabinete de Estudios Jurídicos)
_935984
_v3
902 _aLIB Libro
942 _2CES
_cBK
_h6.0.1.
999 _c22258
_d22258